000 01164cam a2200313 i 4500
001 24300
003 Mx-PuUPA
005 20250611160802.0
008 140415s1977 enkad fr 001 0 eng d
020 _a0521291879
_qrústica
040 _aMx-PuUPA
_bspa
_cMx-PuUPA
_dMx-PuUPA
_erda
041 0 _aeng
100 1 _aTurnovsky, Stephen J.
_eautor
_917155
245 1 0 _aMacroeconomic analysis and stabilization policy /
_cStephen J. Turnovsky
264 1 _aCambridge :
_bCambridge University Press,
_c©1977
300 _a390 páginas :
_bilustraciones, gráficas ;
_c23 cm
336 _2rdacontent
_atexto
_btxt
337 _2rdamedia
_asin medio
_bn
338 _2rdacarrier
_avolumen
_bnc
500 _aReimpresiones: (reprinted 1978, 1979 ; reprinted with corrections, 1981 ; reprinted 1982, 1985).
650 7 _2armarc
_aEstabilidad económica
650 7 _2armarc
_aPolítica económica
650 7 _2armarc
_aFinanza internacionales
650 7 _2amarc
_aMacroeconomía
942 _2ddc
_cLI
_h339.5
_iT52
999 _c24300
_d24300